500 años : presencia cristiana en América Latina y el Caribe
Tallennettuna:
| Aineistotyyppi: | Kirja |
|---|---|
| Kieli: | Spanish |
| Julkaistu: |
Quito, Ecuador
Consejo Latinoamericano de Iglesias, CLAI
1991
|
| Sarja: | Cuaderno motivador
|
| Aiheet: | |
| Tagit: |
Lisää tagi
Ei tageja, Lisää ensimmäinen tagi!
|
MARC
| LEADER | 00000nam a22000007a 4500 | ||
|---|---|---|---|
| 003 | cru CIDCACS/IIS | ||
| 005 | 20171208112939.0 | ||
| 008 | 171207b1991 ec ao||| |||||||| ||spa d | ||
| 999 | |c 40715 |d 40715 | ||
| 040 | |c cru CIDCACS/IIS | ||
| 090 | |a 00.00.00 Qxxq | ||
| 245 | 1 | 0 | |a 500 años : |b presencia cristiana en América Latina y el Caribe |
| 260 | |a Quito, Ecuador |b Consejo Latinoamericano de Iglesias, CLAI |c 1991 | ||
| 300 | |a 62 páginas | ||
| 440 | 0 | |9 6215 |a Cuaderno motivador |n 1 | |
| 500 | |a Colección Alforja | ||
| 650 | 1 | 7 | |9 1862 |a CRISTIANISMO |
| 650 | 1 | 0 | |9 126 |a CULTURA |
| 650 | 1 | 0 | |9 284 |a POBREZA |
| 650 | 1 | 0 | |9 6216 |a EVANGELIZACION |
| 650 | 0 | |9 5214 |a SOLIDARIDAD | |
| 651 | 1 | 0 | |9 17 |a AMERICA LATINA |
| 651 | 0 | |9 4609 |a CARIBE | |
| 942 | |2 ddc |c LI | ||
